| 000 | 01256 a2200349 4500 | ||
|---|---|---|---|
| 001 | 200424402 | ||
| 650 | 0 |
_aTürk şiiri _xTarih ve eleştiri _975586 |
|
| 999 |
_c200424402 _d33059 |
||
| 003 | TR-AnTOB | ||
| 005 | 20230622001152.0 | ||
| 008 | 160510e2011 tu 001 0 | ||
| 020 | _a9786054322558 | ||
| 040 |
_aTR-AnTOB _beng _erda |
||
| 041 | _atur | ||
| 050 | 0 |
_aPL218 _b.C494 2011 |
|
| 090 | _aPL218 .C494 2011 | ||
| 100 |
_aCeylan, Ömür, _d1970- _969868 |
||
| 245 | 1 | 0 |
_aYitik düşler kervanı : _bşiirin aynasında Osmanlı kültürü üzerine denemeler / _cÖmür Ceylan. |
| 246 | _aŞiirin aynasında Osmanlı kültürü üzerine denemeler | ||
| 264 | 1 |
_aİstanbul : _bKapı Yayınları, _c2011. |
|
| 264 | 4 |
_a _b, _c©2011 |
|
| 300 |
_axii, 234 pages ; _c20 cm. |
||
| 336 |
_atext _2rdacontent |
||
| 337 |
_aunmediated _2rdamedia |
||
| 338 |
_avolume _2rdacarrier |
||
| 490 | 0 | _aKapı yayınları: 241. Araştırma-İnceleme: 57 | |
| 504 | _aIncludes bibliographical references and index. | ||
| 505 | _aPart I. Kün Düşleri Part -- II. Dün Düşleri Part -- III. Gün Düşleri | ||
| 590 | _aSayın Prof.Dr.Ahmet Yaşar Ocak tarafından bağışlanmıştır. | ||
| 650 | 7 |
_aTurkish poetry _xHistory and criticism _916952 |
|
| 942 | _cBK | ||